00519nam a2200181 a 4500001001300000003000900013005001700022008004100039020002300080082001500103100001700118245007300135260003700208300000900245500003500254505002200289650002600311nice12345678IN_TiNIC20260116014221.0080403s2007 dela grp 000 0 eng  a8183241999 c49500a305.3bMOH aMohanty, R P aCulture, Gender and Gender Discriminationb Caste Hindus and Tribals aDelhibMittal Publication c2007 a208p aincludes index and biblioraphy2 aappendices, index aGender Discrimination